MAHATHIR, kami bersamamu /

Bibliographic Details
Main Author: Lim Swee Tin, Prof. Madya Dr., 1952- (Author)
Format: Book
Published: Sintok Kedah UUM Press 2019
Subjects:
LEADER 00963cam a2200313 7i4500
001 0000071658
005 20240805090000.0
008 240805t20242019my a er o00 may#d
020 # # |a 9789672210436  
040 # # |a BK 
082 0 4 |a 899.2313 
090 0 0 |a PM 899.2313K   |b LIM 
100 1 # |a Lim Swee Tin,   |c Prof. Madya Dr.,   |d 1952-   |e author. 
245 1 0 |a MAHATHIR, kami bersamamu /   |c LIM SWEE TIN. 
264 # 4 |c ♭2019 
264 # 1 |a Sintok Kedah  |b UUM Press  |c 2019 
300 # # |a xiv, 87 pages:   |b colour illustrations;   |c 23 cm. 
336 # # |a text  |2 rdacontent 
337 # # |a unmediated  |2 rdamedia 
338 # # |a volume  |2 rdacarrier 
599 # # |a LULUS 
600 0 0 |a Mahathir Mohamad,   |c Tun,   |d 1925- 
650 2 0 |a Prime ministers --   |z Malaysia  
650 2 0 |a Government publications --   |z Malaysia  
650 2 0 |a Statesman --   |z Malaysia  
650 1 0 |a Malay poetry  
997 # # |a BK 
998 # # |a 1000073732 
999 |a 1000073732  |b BOOK  |c PM Collection  |e INTAN Bukit Kiara